MARC details
| 000 -LEADER |
| fixed length control field |
01811cam a22003975a 4500 |
| 001 - CONTROL NUMBER |
| control field |
ocm43186975 |
| 003 - CONTROL NUMBER IDENTIFIER |
| control field |
EG-ScBUE |
| 005 - DATE AND TIME OF LATEST TRANSACTION |
| control field |
20220419111147.0 |
| 008 - FIXED-LENGTH DATA ELEMENTS--GENERAL INFORMATION |
| fixed length control field |
991221r20041993enkab f b 001 0 eng d |
| 020 ## - INTERNATIONAL STANDARD BOOK NUMBER |
| International Standard Book Number |
0521785707 |
| 020 ## - INTERNATIONAL STANDARD BOOK NUMBER |
| International Standard Book Number |
9780521785709 |
| 035 ## - SYSTEM CONTROL NUMBER |
| System control number |
(OCoLC)ocm43186975 |
| 035 ## - SYSTEM CONTROL NUMBER |
| System control number |
(OCoLC)43186975 |
| 040 ## - CATALOGING SOURCE |
| Original cataloging agency |
UKM |
| Language of cataloging |
eng |
| Description conventions |
rda |
| Transcribing agency |
UKM |
| Modifying agency |
C#P |
| -- |
CIT |
| -- |
LVB |
| -- |
BAKER |
| -- |
YDXCP |
| -- |
AU@ |
| -- |
CNVPL |
| -- |
DEBBG |
| -- |
OCLCF |
| -- |
OCLCQ |
| -- |
OCLCO |
| -- |
OCLCQ |
| -- |
EG-ScBUE |
| 082 04 - DEWEY DECIMAL CLASSIFICATION NUMBER |
| Classification number |
420 |
| Item number |
BAR |
| Edition number |
22 |
| 100 1# - MAIN ENTRY--PERSONAL NAME |
| Personal name |
Barber, Charles Laurence, |
| Relator term |
author. |
| 9 (RLIN) |
40504 |
| 245 14 - TITLE STATEMENT |
| Title |
The English language : |
| Remainder of title |
a historical introduction / |
| Statement of responsibility, etc |
Charles Barber, formerly reader in English language and literature, School of English, University of Leeds. |
| 250 ## - EDITION STATEMENT |
| Edition statement |
Sixth printing. |
| 264 #1 - PUBLICATION, DISTRIBUTION, ETC. (IMPRINT) |
| Place of publication, distribution, etc |
Cambridge : |
| Name of publisher, distributor, etc |
Cambridge University Press, |
| Date of publication, distribution, etc |
2004. |
| 300 ## - PHYSICAL DESCRIPTION |
| Extent |
xi, 299 pages : |
| Other physical details |
illustrations, maps ; |
| Dimensions |
22 cm |
| 336 ## - CONTENT TYPE |
| Source |
rdacontent |
| Content type term |
text |
| Content type code |
txt |
| 337 ## - MEDIA TYPE |
| Source |
rdamedia |
| Media type term |
unmediated |
| Media type code |
n |
| 338 ## - CARRIER TYPE |
| Source |
rdacarrier |
| Carrier type term |
volume |
| Carrier type code |
nc |
| 500 ## - GENERAL NOTE |
| General note |
Originally published : 1993. |
| 504 ## - BIBLIOGRAPHY, ETC. NOTE |
| Bibliography, etc |
Includes bibliographical references and index. |
| 505 00 - FORMATTED CONTENTS NOTE |
| Title |
What is language? -- |
| -- |
The flux of language -- |
| -- |
The Indo-European languages -- |
| -- |
The Germanic languages -- |
| -- |
Old English -- |
| -- |
Norsemen and Normans -- |
| -- |
Middle English -- |
| -- |
Early Modern English -- |
| -- |
English in the scientific age -- |
| -- |
English as a world language -- |
| -- |
English today and tomorrow. |
| 520 ## - SUMMARY, ETC. |
| Summary, etc |
Introduction to the history of the English language, ranging from prehistory to the present day. |
| 650 #7 - SUBJECT ADDED ENTRY--TOPICAL TERM |
| Topical term or geographic name as entry element |
English language |
| General subdivision |
History. |
| Source of heading or term |
BUEsh |
| 650 #7 - SUBJECT ADDED ENTRY--TOPICAL TERM |
| Topical term or geographic name as entry element |
Historical linguistics. |
| Source of heading or term |
BUEsh |
| 9 (RLIN) |
39735 |
| 650 #7 - SUBJECT ADDED ENTRY--TOPICAL TERM |
| Topical term or geographic name as entry element |
Anglais (Langue) |
| General subdivision |
Histoire. |
| Source of heading or term |
BUEsh |
| 650 #7 - SUBJECT ADDED ENTRY--TOPICAL TERM |
| Topical term or geographic name as entry element |
Linguistique historique. |
| Source of heading or term |
BUEsh |
| 651 ## - SUBJECT ADDED ENTRY--GEOGRAPHIC NAME |
| Source of heading or term |
BUEsh |
| 653 ## - INDEX TERM--UNCONTROLLED |
| Resource For college |
Humanities: English |
| Arrived date list |
October2018 |
| 655 ## - INDEX TERM--GENRE/FORM |
| Form subdivision |
Reading book |
| 9 (RLIN) |
34232 |
| 942 ## - ADDED ENTRY ELEMENTS (KOHA) |
| Source of classification or shelving scheme |
Dewey Decimal Classification |
| Koha item type |
Book - Borrowing |